| 000 | 00614cam a22001815a 4500 | ||
|---|---|---|---|
| 001 | L141206 | ||
| 008 | 071102s1734 xxk eng u | ||
| 035 | _a(Sirsi) u141206 | ||
| 041 | 0 | _aeng | |
| 245 | 0 | 1 |
_a[Indenture dated 1734 acknowledging John Taylor as the rightful owner of a messuage in the parish of St Lawrence Ludlow which was the gift of Alexander Burrett and Mary his wife] _h[manuscript] |
| 260 | _c1734 | ||
| 300 |
_a1 sheet _bparchment _c21 x 50 cm., folded to 21 x 13 cm. |
||
| 340 | _aInk on parchment | ||
| 351 | _cSingle item | ||
| 651 | 4 | _aShropshire | |
| 690 | _aPROPERTY | ||
| 942 | _n0 | ||
| 999 |
_c116661 _d116661 |
||